[Event "BRA-ch Etapa 9th"]
[Site "Teresina"]
[Date "2002.09.??"]
[Round "5"]
[White "Villa, Rafael Ramon"]
[Black "Hermes, Manoel"]
[Result "0-1"]
[WhiteElo "1755"]
[BlackElo "1787"]
[PlyCount "68"]
[EventDate "2002.10.03"]
[EventType "swiss"]
[EventRounds "6"]
[EventCountry "BRA"]
[SourceTitle "EXT 2006"]
[Source "ChessBase"]
[SourceDate "2005.11.24"]
[SourceVersion "1"]
[SourceVersionDate "2005.11.24"]
[SourceQuality "1"]

1. e4 d6 2. d4 Nf6 3. Nc3 g6 4. Bg5 Bg7 5. Bxf6 Bxf6 6. Nf3 Nd7 7. Qd2 0-0 8. 0-0-0 e5 9. g3 c6 10. Bc4 b5 11. Bd3 Qa5 12. b3 exd4 13. Ne2 Qxa2 14. Qh6 Nc5 15. Nexd4 Nxd3+ 16. Rxd3 Qa1+ 17. Kd2 Qxh1 18. Ng5 Bxg5+ 19. Qxg5 Qxh2 20. Nxc6 Qxf2+ 21. Kc3 b4+ 22. Kb2 Re8 23. Ne7+ Rxe7 24. Qxe7 Kg7 25. Rxd6 a5 26. Qe5+ Kh6 27. Qf4+ Qxf4 28. gxf4 Ra6 29. Rd3 Rf6 30. Rf3 Bb7 31. Rh3+ Kg7 32. e5 Rxf4 33. Re3 Re4 34. Rxe4 Bxe4 0-1